000 00465nam a2200169Ia 4500
001 11455
005 20260306162829.0
008 260306t9999||||xx |||||||||||||| ||spa||
041 _aESP
082 _a985.054
_bH45
100 _aHernández Sánchez-Barba, Mario
_eAUT
245 0 _aLas independencias americanas (1767-1878):
_bgénesis de la descolonización
300 _a288 páginas :
_c24 cm
650 _aGEN
654 _aCHU
942 _cLIB
_dJUS
_fJUS
_2ddc
_n
999 _c11455
_d11455